Ngữ văn 12 nâng cao :

Đã lưu trong:
書目詳細資料
主要作者: Trần, Đình Sử
格式: 圖書
語言:Undetermined
出版: Hà Nội Giáo dục 2008
主題:
標簽: 添加標簽
沒有標簽, 成為第一個標記此記錄!
Thư viện lưu trữ: Trung tâm Học liệu Trường Đại học Cần Thơ
LEADER 00644nam a2200205Ia 4500
001 CTU_158806
008 210402s9999 xx 000 0 und d
020 |c 10600 
082 |a 895.9220712 
082 |b S550/T.1 
100 |a Trần, Đình Sử 
245 0 |a Ngữ văn 12 nâng cao : 
245 0 |c Trần Đình Sử ( tổng chủ biên ) ... [ et al. ] 
260 |a Hà Nội 
260 |b Giáo dục 
260 |c 2008 
650 |a Vietnamese literature,Văn học Việt Nam 
650 |x Teacher's book,Sách giáo viên 
904 |i QHieu 
980 |a Trung tâm Học liệu Trường Đại học Cần Thơ